Statistics for Australian Food

Click here to take the quiz!

General Stats

  • This quiz has been taken 1,284 times
  • The average score is 8 of 15

Answer Stats

HintAnswer% Correct
bread covered in sprinklesfairy bread
87%
brown cake covered in coconutlamington
83%
vegetable extractvegemite
78%
pastry filled with meatmeat pie
77%
cherry chocolate barcherry ripe
75%
meringue cake topped with cream and fruitpavlova
72%
oat biscuits made for waranzac biscuit
70%
popular wholegrain breakfast cerealweet-bix
55%
pastry cooked over a campfiredamper
50%
staple topping on aussie burgersbeetroot
36%
popular caramel filled chocolatecaramello koala
34%
popular chocolate biscuittimtams
34%
bread topped with cheese and baconcheese and bacon roll
29%
long meat sacksausages
13%
blue and yellow wrapped chocolate eclairfantales
12%

Score Distribution

Percentile by Number Answered

Percent of People with Each Score

Your Score History

You have not taken this quiz